| 000 | 00623nam a22002177a 4500 | ||
|---|---|---|---|
| 008 | 150617b xxu||||| |||| 00| 0 eng d | ||
| 020 | _a 9781452274171 | ||
| 041 | 0 | _aeng | |
| 080 | _a336 | ||
| 100 | 1 | _aGibbons, Gary E., | |
| 245 | 1 | 0 |
_aEntrepreneurial finance : _cGary Gibbons, Robert D. Hisrich, Carlos M. DaSilva. |
| 260 |
_aSingapore" _bSage; _c2015. |
||
| 300 |
_a277 f.: _c24 cm. |
||
| 500 | _aPreface: f.xiii-xiv | ||
| 505 | _aIndex: f.265-277 | ||
| 650 | 0 | _aNdërmarrësia | |
| 650 | 0 | _aFinanca | |
| 700 | 1 | _aHisrich, Robert D., | |
| 700 | 1 | _aDaSilva, Carlos M., | |
| 942 |
_2udc _cBK |
||
| 999 |
_c1056 _d1056 |
||